<?xml version="1.0" encoding="UTF-8"?>
<record
    xmlns:xsi="http://www.w3.org/2001/XMLSchema-instance"
    xsi:schemaLocation="http://www.loc.gov/MARC21/slim http://www.loc.gov/standards/marcxml/schema/MARC21slim.xsd"
    xmlns="http://www.loc.gov/MARC21/slim">

  <leader>02365nam a2200313 i 4500</leader>
  <controlfield tag="001">ssj0001913494</controlfield>
  <controlfield tag="003">WaSeSS</controlfield>
  <controlfield tag="005">20251111103055.0</controlfield>
  <controlfield tag="006">m        d        </controlfield>
  <controlfield tag="007">cr  n</controlfield>
  <controlfield tag="008">151228s2016    mau     s     001 0 eng d</controlfield>
  <datafield tag="010" ind1=" " ind2=" ">
    <subfield code="a">  2015032649</subfield>
  </datafield>
  <datafield tag="020" ind1=" " ind2=" ">
    <subfield code="a">9781633690783</subfield>
  </datafield>
  <datafield tag="040" ind1=" " ind2=" ">
    <subfield code="a">DLC</subfield>
    <subfield code="b">eng</subfield>
    <subfield code="c">DLC</subfield>
    <subfield code="d">DLC</subfield>
    <subfield code="d">WaSeSS</subfield>
  </datafield>
  <datafield tag="041" ind1=" " ind2=" ">
    <subfield code="a">eng</subfield>
  </datafield>
  <datafield tag="042" ind1=" " ind2=" ">
    <subfield code="a">pcc</subfield>
  </datafield>
  <datafield tag="050" ind1="0" ind2="0">
    <subfield code="a">HF5718</subfield>
    <subfield code="b">.D54 2016</subfield>
  </datafield>
  <datafield tag="245" ind1="0" ind2="0">
    <subfield code="a">Difficult conversations</subfield>
    <subfield code="b">: craft a clear message, manage emotions, focus on a solution.</subfield>
  </datafield>
  <datafield tag="260" ind1=" " ind2=" ">
    <subfield code="a">Boston :</subfield>
    <subfield code="b">Harvard Business Review Press,</subfield>
    <subfield code="c">2016.</subfield>
  </datafield>
  <datafield tag="300" ind1=" " ind2=" ">
    <subfield code="a">ix, 110 pages ;</subfield>
    <subfield code="c">18 cm.</subfield>
  </datafield>
  <datafield tag="490" ind1=" " ind2=" ">
    <subfield code="a">20-minute manager series</subfield>
  </datafield>
  <datafield tag="500" ind1=" " ind2=" ">
    <subfield code="a">Includes index.</subfield>
  </datafield>
  <datafield tag="505" ind1="0" ind2=" ">
    <subfield code="a">What makes a conversation difficult? &#x2014; Conflicting interests &#x2014; Different personal styles &#x2014; Lack of trust &#x2014; Different views of the facts &#x2014; Strong emotions &#x2014; Think it through &#x2014; Should you act? &#x2014; When you decide to have a difficult conversation &#x2014; Prepare for the difficult conversation &#x2014; Assess the facts and your assumptions &#x2014; Address the emotions &#x2014; Acknowledge you're part of the problem &#x2014; Identify a range of positive outcomes &#x2014; Develop a strategy, not a script &#x2014; Conduct the conversation &#x2014; Acknowledge the other person &#x2014; Frame the problem &#x2014; Ask questions and listen &#x2014; Look for common ground &#x2014; Adapt and rebalance &#x2014; Establish commitments &#x2014; Follow through &#x2014; How did you do? &#x2014; Jot down your impressions &#x2014; Follow up in writing &#x2014; Keep your commitments &#x2014; Become a better communicator &#x2014; Reflect before you speak &#x2014; Connect with others &#x2014; Before you talk, listen &#x2014; Make your words count &#x2014; Establish a feedback loop &#x2014; Address problems head-on &#x2014; Learn more &#x2014; Sources &#x2014; Index.</subfield>
  </datafield>
  <datafield tag="520" ind1=" " ind2=" ">
    <subfield code="a">You have to talk with a colleague about a fraught situation, but you're worried that they'll yell, or blame you, or shut down. You fear your emotions could block you from a resolution. But you can communicate in a way that's constructive--not combative. "Difficult Conversations" walks you through: Uncovering the root cause of friction, Maintaining a positive mind-set, Untangling the problem together, and Agreeing on a way forward.</subfield>
  </datafield>
  <datafield tag="650" ind1=" " ind2="0">
    <subfield code="a">Business communication</subfield>
    <subfield code="9">4067</subfield>
  </datafield>
  <datafield tag="650" ind1=" " ind2="0">
    <subfield code="a">Interpersonal communication</subfield>
    <subfield code="9">5568</subfield>
  </datafield>
  <datafield tag="710" ind1=" " ind2=" ">
    <subfield code="a">Harvard Business Review Press (Firm)</subfield>
    <subfield code="9">25086</subfield>
  </datafield>
  <datafield tag="942" ind1=" " ind2=" ">
    <subfield code="2">lcc</subfield>
  </datafield>
  <datafield tag="952" ind1=" " ind2=" ">
    <subfield code="0">0</subfield>
    <subfield code="1">0</subfield>
    <subfield code="2">lcc</subfield>
    <subfield code="4">0</subfield>
    <subfield code="7">0</subfield>
    <subfield code="a">TBS</subfield>
    <subfield code="b">TBS</subfield>
    <subfield code="d">2025-11-11</subfield>
    <subfield code="l">0</subfield>
    <subfield code="o">HF5718 HBR</subfield>
    <subfield code="p">B05665</subfield>
    <subfield code="r">2025-11-11</subfield>
    <subfield code="t">1</subfield>
    <subfield code="w">2025-11-11</subfield>
    <subfield code="y">1</subfield>
    <subfield code="z">WELL COLLECTION</subfield>
  </datafield>
  <datafield tag="999" ind1=" " ind2=" ">
    <subfield code="c">5163</subfield>
    <subfield code="d">5163</subfield>
  </datafield>
</record>
